000 00535nam a2200181Ia 4500
999 _c29184
_d29184
003 OSt
005 20201112112205.0
008 190216s9999||||xx |||||||||||||| ||und||
020 _a8182643651
040 _coclc
082 _a894.8123
_bRAM/E
100 _aRamakrishnan, Sujatha
_96516
245 0 _aEettakkadinte Makkal /
_cSujatha Ramakrishnan
260 _bMathrubhumi Printing &publishing,
_aKozhikode:
_c2007.
300 _a96p
650 _aNovel
942 _cBK
_2ddc
_h894.8123
_iRAM/E
_k894.8123
_mRAM/E